[Event "PCA-Wch Candidates sf1"]
[Site "Linares"]
[Date "1994.??.??"]
[Round "2"]
[White "Short, Nigel D"]
[Black "Kamsky, Gata"]
[Result "0-1"]
[WhiteElo "2665"]
[BlackElo "2695"]
[Annotator "Ftacnik,L"]
[PlyCount "104"]
[EventDate "1994.09.??"]
[EventType "match"]
[EventRounds "7"]
[EventCountry "ESP"]
[SourceTitle "CBM 043"]
[Source "ChessBase"]
[SourceDate "1994.12.01"]
[SourceVersion "1"]
[SourceVersionDate "1994.12.01"]
[SourceQuality "1"]

1. e4 c5 2. Nf3 g6 3. d4 cxd4 4. Nxd4 Nc6 5. Nc3 Bg7 6. Be3 Nf6 7. Bc4 Qa5 8.
O-O O-O 9. Bb3 d6 10. h3 Qh5 11. f4 Bd7 12. Qd3 b5 $1 13. Rae1 (13. Ndxb5 Nb4
14. Qc4 a5 {/\ Rac8}) (13. Ncxb5 Nb4 14. Qc4 a5 15. Nc7 Rac8 16. c3 (16. a4 Qc5
$1 17. Qxc5 dxc5 18. Ndb5 Nxe4 $17) 16... d5 17. exd5 Nbxd5 18. Nxd5 Rxc4 19.
Nxe7+ Kh8 20. Bxc4 Qc5 $19) (13. a4 b4 14. Nd5 Nxd5 15. Bxd5 Rac8 16. Nxc6 Bxc6
17. Bxa7 Bxb2 18. Ra2 Bxd5 19. exd5 Bg7 20. a5 Rc3 $17 {Grabzewski,R-Georgadze,
T/Lublin/1974/}) (13. a3 a6 14. Nf3 Rac8 15. Rad1 Na5 16. e5 dxe5 17. fxe5 Bf5
18. Qd4 Nd7 {De Firmian,N-Whitehead/San Francisco/1977/}) 13... a5 14. a3 (14.
Ndxb5 Nb4 15. Qe2 (15. Qc4 Rac8 16. Nc7 Be6) 15... Qxe2 16. Rxe2 Nxe4 $1 17.
Nxe4 Bxb5 18. c4 a4 19. cxb5 axb3 20. axb3 Rfb8 $17) 14... b4 15. Nxc6 (15.
axb4 Nxb4 (15... axb4) 16. Qd2 Rfc8 $36) 15... Bxc6 (15... bxc3 $2 16. Nxe7+
Kh8 17. e5 dxe5 18. fxe5 Qxe5 19. Bd4 Qg5 20. Qxc3 $16) 16. axb4 axb4 17. Nd5
Nxd5 18. exd5 (18. Bxd5 Bxd5 19. exd5 Bxb2 20. Bd2 $17) 18... Bd7 19. Bf2 (19.
Bd4 $1 Bb5 20. Bc4 (20. Qxb5 Bxd4+ 21. Kh1 Qh4 22. Qxb4 Bxb2 $15) 20... Bxd4+ (
20... Bxc4 21. Qxc4 Rac8 22. Qd3 Bxd4+ 23. Qxd4 Rxc2 24. Rxe7 $10) 21. Qxd4
Bxc4 22. Qxc4 Rfc8 23. Qb3 (23. Qxb4 Rxc2 $17) 23... Ra7 24. Re4 $10) 19...
Rfe8 20. Rb1 Qf5 21. Qd2 (21. Qxf5 Bxf5 22. g4 (22. Rfe1 h5) 22... Be4 23. Rfe1
f5 $17) 21... Ba4 22. g4 $6 (22. Qxb4 Reb8 23. Qd2 Bxb3 24. cxb3 Rxb3 $17)
22... Qd7 (22... Qe4 23. Rfe1 Qf3 24. Qxb4 Bxb3 25. Qxb3 Qxf4 26. Qe3 Qc4 27.
Qe4 $13) 23. Bc4 Rec8 24. Qd3 (24. Qxb4 $2 Rab8 $19) 24... Ra5 25. Rfe1 (25.
Ra1 Qc7 $17) 25... Bb5 26. b3 (26. Bxb5 Qxb5 $1 (26... Rxb5 27. Rxe7 Qxe7 28.
Qxb5 Qe4 29. Re1 Qxf4 30. Re8+ Rxe8 31. Qxe8+ Bf8 $15) 27. Rxe7 Qxd3 28. cxd3
Rxd5 $17) 26... Bxc4 27. bxc4 Ra3 28. Rb3 Qc7 29. Rxa3 bxa3 30. Qxa3 Qxc4 31.
Qf3 (31. Rxe7 Qxf4 $17) 31... Rc7 32. Qe4 Qxe4 33. Rxe4 f5 $1 34. Re2 Kf7 35.
Kg2 Rc4 36. Be3 $2 (36. Kf3 Bd4 (36... Bb2 37. Bh4 Bf6) 37. Bh4 Rc3+ 38. Kg2
Bf6 $17) 36... Bd4 37. gxf5 (37. Bc1 $5 Rc5 (37... Bc5 38. Kf3 Rd4 39. Rd2) 38.
g5 Rxd5 $140 $2 39. Rd2 Ke6 40. c4) 37... gxf5 38. Kf2 $2 Bxe3+ 39. Kxe3 Rc3+
40. Kd4 (40. Kf2 Rxh3 41. Kg2 Rc3 $19) 40... Rf3 $1 41. Re3 (41. c4 Rxf4+ 42.
Kd3 Rf3+ 43. Re3 Rxe3+ 44. Kxe3 Kg6 45. Kf4 Kf6 46. h4 h5 $19) 41... Rxf4+ 42.
Kd3 h5 43. c4 h4 $1 44. Kc3 Rf1 45. Kb4 Rg1 46. Kb5 (46. Rf3 Kf6 47. Rf4 Kg5
48. Rf2 Rg3 $19) 46... Rg3 47. Re2 Rxh3 48. Kc6 Ra3 49. Kd7 Ra7+ 50. Kd8 h3 51.
Rh2 Ra8+ 52. Kd7 Rh8 (52... Rh8 53. Kc7 Kf6 54. Kd7 Rh7 55. Kc6 Kg5 $19) 0-1

[Event "PCA-Wch Candidates sf1"]
[Site "Linares"]
[Date "1994.??.??"]
[Round "3"]
[White "Kamsky, Gata"]
[Black "Short, Nigel D"]
[Result "1-0"]
[WhiteElo "2695"]
[BlackElo "2665"]
[Annotator "Ftacnik,L"]
[PlyCount "155"]
[EventDate "1994.09.??"]
[EventType "match"]
[EventRounds "7"]
[EventCountry "ESP"]
[SourceTitle "CBM 043"]
[Source "ChessBase"]
[SourceDate "1994.12.01"]
[SourceVersion "1"]
[SourceVersionDate "1994.12.01"]
[SourceQuality "1"]

1. e4 c5 2. Nf3 d6 3. d4 cxd4 4. Nxd4 Nf6 5. Nc3 a6 6. a4 Nc6 7. Be2 e5 8. Nb3
Be7 9. O-O O-O 10. Bg5 Be6 11. Bxf6 Bxf6 12. Nd5 Bg5 (12... Rc8 13. c3 Bg5 14.
Nd2 Ne7 15. c4 Bxd2 16. Qxd2 Nc6 17. b4 Nd4 18. Rab1 f5 19. Bd3 f4 20. f3 g5
21. Kh1 Kh8 22. c5 g4 23. cxd6 gxf3 24. gxf3 $17 {Vogt,L-Ftacnik,L/Trencianske
Teplice/1979/0-1 (57)}) 13. a5 Rc8 14. Bg4 $1 $146 (14. c4 Ne7 15. Nb6 Rc6 16.
Nd2 Ng6 17. g3 Kh8 18. Ra3 Re8 19. Re1 Nf8 20. b4 g6 21. Nf1 f5 22. exf5 gxf5
23. Ne3 Ng6 24. Ned5 $16 {Vogt,L-Fedorowicz,J/Naleczow/1979/1-0 (39)}) 14...
Kh8 (14... Bxg4 15. Qxg4 Bh6 16. Rfd1 $14) 15. c3 Bh6 $6 16. Nb6 Rc7 17. Bxe6
fxe6 18. Qd3 Rcf7 19. Rad1 $1 (19. Nc4 d5 20. Ne3 Bf4 $132) 19... Nxa5 20. Nxa5
Qxb6 21. Nc4 Qa7 (21... Qc5 22. b4) 22. Qe2 (22. Nxd6 $2 Rxf2) 22... b5 23.
Nxd6 Rf6 (23... Rxf2 24. Rxf2 Be3 (24... Rxf2 $2 25. Qxf2 Be3 26. Nf7+ $18) 25.
Rdf1 (25. Nf7+ $6 Kg8 26. Rd8 Bxf2+ $1 27. Qxf2 Qxf2+ 28. Kxf2 Kxf7) 25... Qb6
26. Nxb5 axb5 27. g3 b4 $14) (23... Rd7 24. Rd3 Rfd8 25. Rfd1 $16) 24. Rd3 Qb6
25. g3 (25. b4 $1 Rd8 $140 26. c4 $1) 25... Rd8 26. Rfd1 Rdf8 27. Rf1 Rd8 28.
Qd1 Rdf8 29. Qc2 Be3 (29... Rd8 30. c4 $1) 30. Rxe3 Qxd6 31. Rd3 Qc6 32. Qe2 h6
(32... Qc4 33. f3) 33. Kg2 a5 34. f3 Qc4 35. Rf2 a4 36. h4 R6f7 (36... b4 37.
cxb4 Qxb4 38. Qc2 $14) 37. Qd2 Kh7 38. Rd7 Qc6 (38... Rxd7 39. Qxd7 a3 $5 40.
bxa3 Ra8 $1 41. Qe7 Qxc3 42. Qxe6 Rxa3 43. Qf5+ Kg8 $13) 39. Rd6 Qc4 40. Qd3
Qxd3 41. Rxd3 Rc8 (41... a3 42. bxa3 Ra8 43. Rb2 Rxa3 44. Rxb5 Ra2+ 45. Kf1 $16
) (41... b4 $5 $132) 42. Rd6 Re7 43. Rb6 Rc5 (43... a3 44. bxa3 Rxc3 45. Rxb5
Rxa3 46. Rxe5 $14) 44. Rd2 Kg8 45. Rd8+ Kf7 46. Ra8 Rd7 47. Kh3 (47. h5 $1 Rd2+
(47... Kf6 48. Kh3 $1 Kg5 49. Rf8 Re7 50. Rf5+ $1 exf5 51. Rg6+ Kxh5 52. exf5
$18) 48. Kh3 Rxb2 49. Rb7+ Kf6 50. Rf8+ Kg5 51. Rxg7+ Kxh5 52. g4#) 47... h5 $1
(47... Rd2 $2 48. Rb7+ Kg6 49. h5+ $1 Kxh5 50. Rxg7 $18) 48. Raa6 Re7 (48...
Rd2 49. Rb7+ Kf6 50. Raa7 $18) 49. g4 hxg4+ (49... g6 50. g5 Rd7 (50... Re8 51.
Ra5 $18) 51. Rxe6 Rd2 52. Rf6+ Ke7 53. Ra7+ Rd7 54. Rxg6 Rxa7 55. Rg7+ $18) 50.
Kxg4 Kf6 (50... Rd7 51. Ra5 $16) 51. h5 Rcc7 (51... Kf7 52. Ra5 $16) 52. f4 $1
(52. Rxb5 Rb7 53. Rab6 Rxb6 54. Rxb6 Ra7 55. c4 a3 56. bxa3 Rxa3) 52... Rc4 (
52... exf4 53. Rxb5 Kf7 (53... Rb7 $4 54. Rf5#) 54. Kxf4 $18) (52... Rb7 53. f5
Rxb6 54. Rxb6 Kf7 55. Rxe6 $1 $18) 53. Rxb5 Rxe4 54. Rxe5 Rxe5 (54... Rc4 $2
55. Rf5#) 55. fxe5+ Kxe5 56. Rxa4 Rb7 57. Rb4 $1 Rc7 (57... Rxb4+ 58. cxb4 Kd4
59. b5 Kc5 60. Kf4 Kxb5 61. Ke5 $18) 58. Kg5 Kd5 59. Kf4 Rf7+ (59... e5+ 60.
Ke3 $18) 60. Ke3 Rf1 61. Rd4+ Kc5 62. b4+ Kb5 63. Rg4 Rf5 64. Rxg7 Rxh5 65. Rc7
Re5+ 66. Kd3 Rd5+ 67. Kc2 Rd8 68. Rc5+ (68. Kb3 Re8 69. c4+ Kb6 70. Rh7 e5)
68... Kb6 69. Kb3 Re8 70. Kc4 (70. Re5 Kc6 71. c4 $18) 70... Rd8 (70... e5 71.
Kd3 e4+ 72. Ke3 Re7 73. Rc4 $18) 71. b5 Rd6 72. Re5 Kc7 73. Kc5 Rd3 74. c4 Kd7
(74... Rd6 75. Rh5 $18) 75. Re4 Rc3 76. b6 Rb3 77. Rd4+ Kc8 78. Kc6 (78. Kc6 e5
79. Rh4 $18) 1-0

[Event "PCA-Wch Candidates sf1"]
[Site "Linares"]
[Date "1994.??.??"]
[Round "5"]
[White "Kamsky, Gata"]
[Black "Short, Nigel D"]
[Result "1-0"]
[WhiteElo "2695"]
[BlackElo "2665"]
[Annotator "Ftacnik,L"]
[PlyCount "51"]
[EventDate "1994.09.??"]
[EventType "match"]
[EventRounds "7"]
[EventCountry "ESP"]
[SourceTitle "CBM 043"]
[Source "ChessBase"]
[SourceDate "1994.12.01"]
[SourceVersion "1"]
[SourceVersionDate "1994.12.01"]
[SourceQuality "1"]

1. d4 Nf6 2. c4 e6 3. Nc3 Bb4 4. e3 c5 5. Bd3 Nc6 6. Nge2 cxd4 7. exd4 d5 8.
cxd5 Nxd5 9. O-O Bd6 10. Ne4 Be7 11. a3 O-O 12. Bc2 Re8 13. Qd3 g6 14. Bh6 b6
15. Rad1 Bb7 16. Rfe1 Rc8 17. Bb3 (17. N2c3 Na5 18. Qg3 Nc4 19. Ba4 Bc6 20. Bb3
Nxc3 21. bxc3 Bxe4 22. Rxe4 Nd6 {Shirov,A-Psakhis,L/Klaipeda/1988/}) 17... a6 (
17... Rc7 $5 18. N2g3 Rd7 $10) 18. N2g3 Nb8 $6 (18... Bh4 $1 {/\ Nce7-f5}) 19.
Qf3 Rc7 20. Nh5 $1 Nd7 (20... gxh5 $2 21. Qg3+ Bg5 22. Bxg5 $18) (20... f5 21.
Nc3 $16 Nxc3 $140 $2 22. Bxe6+ Kh8 23. Bg7#) 21. h4 $1 N7f6 $2 (21... Bxh4 22.
Nd6 Re7 23. Nxb7 Rxb7 24. g3 (24. Bxd5 exd5 25. Nf4 $16) 24... gxh5 25. gxh4
$18) (21... b5 22. Ng5 N5f6 23. Nxe6 $1 fxe6 24. Bxe6+ Kh8 25. Bg7#) 22. Nhxf6+
Nxf6 23. d5 $1 Nxe4 (23... exd5 24. Nxf6+ Bxf6 25. Qxf6 $1 $18) (23... Nxd5 24.
Bxd5 Bxd5 25. Rxd5 $1 Qxd5 (25... exd5 26. Nf6+ Bxf6 27. Rxe8+ Qxe8 28. Qxf6
Qe1+ 29. Kh2 $18) 26. Nf6+ Bxf6 27. Qxf6 $18) (23... e5 24. d6 $18) 24. dxe6 f5
(24... fxe6 25. Bxe6+ Kh8 26. Qf7 Bf6 27. Rxd8 $18) 25. Rxd8 Rxd8 26. Rd1 1-0

[Event "PCA-Wch Candidates sf1"]
[Site "Linares"]
[Date "1994.??.??"]
[Round "6"]
[White "Short, Nigel D"]
[Black "Kamsky, Gata"]
[Result "0-1"]
[WhiteElo "2665"]
[BlackElo "2695"]
[Annotator "Ftacnik,L"]
[PlyCount "90"]
[EventDate "1994.09.??"]
[EventType "match"]
[EventRounds "7"]
[EventCountry "ESP"]
[SourceTitle "CBM 043"]
[Source "ChessBase"]
[SourceDate "1994.12.01"]
[SourceVersion "1"]
[SourceVersionDate "1994.12.01"]
[SourceQuality "1"]

1. e4 e5 2. Nf3 Nc6 3. Bb5 a6 4. Ba4 Nf6 5. O-O b5 6. Bb3 Bb7 7. Re1 Bc5 8. c3
d6 9. d4 Bb6 10. Be3 (10. Bg5 h6 11. Bh4 $13) 10... O-O 11. Nbd2 h6 12. h3 Nd7
(12... Re8 13. d5 Ne7 14. Bxb6 cxb6 15. Bc2 Ng6 16. Bd3 Rc8 17. Rc1 Nd7 18. b4
Qe7 $6 (18... f5 $1 19. exf5 Nf4 20. Ne4 Nf6 21. Nxf6+ Qxf6 22. Be4 Qf7 $10)
19. g3 $14 {Ljubojevic,Lj-Gulko,B/Reggio Emilia/1991/}) (12... exd4 13. cxd4
Nb4 14. Qb1 c5 15. a3 Nc6 16. d5 Ne7 17. Bc2 $14 {Kruszynski,W-Kishnev,S/BRD/
1993/}) 13. a3 (13. Nf1 Ne7 14. Ng3 c5 15. Re2 Qc7 16. Rd2 $14 {Ljubojevic,
Lj-Beliavsky,A/Reggio Emilia/1991/}) (13. Bd5 Rb8 14. a4 exd4 15. cxd4 Nb4 16.
Bxb7 Rxb7 17. a5 Ba7 18. d5 Nd3 $132) 13... Ne7 14. Ba2 Kh8 (14... c5 15. b4
cxd4 16. cxd4 $14) 15. b4 a5 $1 16. Qc2 axb4 17. axb4 f5 $5 18. dxe5 (18. exf5
Nxf5 $36) 18... Bxe3 19. Rxe3 Nxe5 (19... dxe5 20. Rd1 fxe4 21. Nxe4 Nf5 22.
Ree1 Qe7 23. Bb1 $14) 20. Nxe5 dxe5 21. Rae1 (21. f3 Ra6 22. Rae1 $14) 21...
Ra6 $1 22. exf5 $2 (22. f3 $1 Qa8 23. Bb3) (22. Bb1 Rd6 23. Nf3 f4 (23... Bxe4
$6 24. Rxe4 fxe4 25. Qxe4 $40) 24. Rd3 Ng6 $13) 22... Nxf5 23. Rxe5 $2 (23. Rd3
Qh4 $40) 23... Nh4 $1 24. Ne4 (24. Bb1 Rg6 25. g3 $2 Qxd2 26. Qxd2 Nf3+ $19) (
24. f3 Rg6 25. R5e2 Bxf3 $1 26. Qxg6 Nxg6 27. Nxf3 Nf4 $36) 24... Rg6 25. Ng3
$8 Bxg2 26. R1e3 Rd6 (26... Qa8 $5 27. Rh5 Bh1 28. Bd5 Bxd5 29. Rxh4 Qa1+ 30.
Kh2 Qh1+ $1 31. Nxh1 Rg2#) 27. Bb1 g6 28. Rh5 Bf3 29. Rxh6+ Kg7 30. Rxh4 Qxh4
31. Kh2 Bg4 32. Ne4 Bf5 33. Kg2 {xf2} (33. Qb2 $2 Bxe4 $19 {xf2}) 33... Re6 34.
Qe2 Rfe8 35. f3 $8 Qxh3+ 36. Kg1 Rh8 37. Qg2 $8 Qxg2+ 38. Kxg2 Rd8 39. Kf2 Rd1
40. Bd3 c6 41. Ke2 Ra1 42. Kd2 Ra2+ 43. Kc1 Rh2 44. Re1 Re8 45. Bc2 Reh8 0-1

[Event "Buenos Aires Sicilian"]
[Site "Buenos Aires"]
[Date "1994.10.12"]
[Round "1"]
[White "Karpov, Anatoly"]
[Black "Kamsky, Gata"]
[Result "1/2-1/2"]
[WhiteElo "2780"]
[BlackElo "2695"]
[Annotator "Ftacnik,L"]
[PlyCount "52"]
[EventDate "1994.10.12"]
[EventType "tourn"]
[EventRounds "14"]
[EventCountry "ARG"]
[EventCategory "18"]
[SourceTitle "CBM 044"]
[Source "ChessBase"]
[SourceDate "1995.02.01"]
[SourceVersion "1"]
[SourceVersionDate "1995.02.01"]
[SourceQuality "1"]

1. e4 c5 2. Nf3 d6 3. d4 cxd4 4. Nxd4 Nf6 5. Nc3 Nc6 6. Bg5 e6 7. Qd2 Be7 8.
O-O-O O-O 9. f4 Nxd4 10. Qxd4 Qa5 11. Bc4 Bd7 12. e5 dxe5 13. Qxe5 Qb6 (13...
Qb4 14. Rd4 Qb6 {Suetin-Glek,I/Moscow/1983/} (14... Bc5 15. Rhd1 Bxd4 16. Rxd4
Qb6 17. Bxf6 gxf6 18. Qxf6 Rfd8 19. f5 Bc6 20. Rg4+ Kf8 21. b3 $18)) 14. Qe2
Rad8 (14... Bc6 $13) 15. Ne4 Nd5 $5 (15... Bc6 16. Nxf6+ Bxf6 17. Bxf6 gxf6 $14
) 16. Bxd5 Bxg5 17. Nxg5 (17. fxg5 exd5 18. Rxd5 Bg4 $132) 17... exd5 18. Rxd5
Bg4 $1 19. Qe4 g6 20. Rxd8 Rxd8 21. Qc4 (21. Qe7 Rd7 22. Qe8+ Kg7 23. h3 Bf5
24. g4 Qf2 $1) 21... Qf6 22. g3 Qe7 23. Qe4 Qd7 24. Qd3 Qe7 (24... Qxd3 25.
cxd3 Rxd3 26. Re1 $14) 25. Qe4 Qd7 26. Qd3 Qe7 1/2-1/2

[Event "Buenos Aires Sicilian"]
[Site "Buenos Aires"]
[Date "1994.10.13"]
[Round "2"]
[White "Kamsky, Gata"]
[Black "Polgar, Judit"]
[Result "0-1"]
[WhiteElo "2695"]
[BlackElo "2630"]
[Annotator "Ftacnik,L"]
[PlyCount "76"]
[EventDate "1994.10.12"]
[EventType "tourn"]
[EventRounds "14"]
[EventCountry "ARG"]
[EventCategory "18"]
[SourceTitle "CBM 044"]
[Source "ChessBase"]
[SourceDate "1995.02.01"]
[SourceVersion "1"]
[SourceVersionDate "1995.02.01"]
[SourceQuality "1"]

1. e4 c5 2. Nf3 e6 3. d4 cxd4 4. Nxd4 Nf6 5. Nc3 Nc6 6. Ndb5 d6 7. Bf4 e5 8.
Bg5 a6 9. Na3 Be6 10. Nc4 Rc8 11. Bxf6 Qxf6 12. Nb6 Rb8 13. Ncd5 Qg6 $6 $146 (
13... Qd8) 14. Qd3 Be7 15. g3 (15. Nc7+ $5 Kf8 16. Ncd5 $16 {Karpov}) 15... O-O
16. Bg2 Bd8 17. O-O Kh8 18. Nc4 Ne7 19. Qa3 (19. Nce3 Nxd5 20. Nxd5 $14) (19.
Nxd6 $2 Bxd5) 19... Bxd5 20. exd5 Bc7 21. Rad1 $2 (21. Nxe5 $1 dxe5 22. Qxe7
Bd6 23. Qh4 $14) 21... Ng8 22. Na5 f5 23. c4 $6 (23. f4 $10) 23... f4 24. c5 f3
25. Bh1 $2 {x Bh1} (25. Bh3 dxc5 $15) 25... Bxa5 26. Qxa5 e4 27. Rfe1 Nf6 28.
cxd6 Qg4 29. Rd4 Rbe8 30. Qb4 Qh3 31. Rdxe4 $8 (31. d7 Ng4 $19) 31... Nxe4 32.
Rxe4 Qf5 33. Rxe8 Rxe8 34. h4 Re2 $1 35. d7 (35. Qd4 Re1+ 36. Kh2 Rxh1+ $1 37.
Kxh1 Qh3+ $19) 35... Qb1+ 36. Kh2 Rxf2+ 37. Kh3 h5 $1 38. Qf8+ (38. d8=Q+ Kh7
39. Qe4+ Qxe4 $19) 38... Kh7 $138 (38... Kh7 39. Bxf3 Qf1+ 40. Bg2 Qxg2#) 0-1

[Event "Buenos Aires Sicilian"]
[Site "Buenos Aires"]
[Date "1994.10.16"]
[Round "4"]
[White "Anand, Viswanathan"]
[Black "Kamsky, Gata"]
[Result "1/2-1/2"]
[WhiteElo "2720"]
[BlackElo "2695"]
[PlyCount "56"]
[EventDate "1994.10.12"]
[EventType "tourn"]
[EventRounds "14"]
[EventCountry "ARG"]
[EventCategory "18"]
[SourceTitle "CBM 044"]
[Source "ChessBase"]
[SourceDate "1995.02.01"]
[SourceVersion "1"]
[SourceVersionDate "1995.02.01"]
[SourceQuality "1"]

1. e4 c5 2. Nf3 d6 3. d4 cxd4 4. Nxd4 Nf6 5. Nc3 g6 6. Be3 Bg7 7. f3 O-O 8. Bc4
Nc6 9. Qe2 Na5 10. Bd3 e5 11. Nb3 d5 12. exd5 Nxd5 13. Nxd5 Qxd5 14. O-O Nc6
15. Rfd1 Qe6 16. c3 b6 17. Rd2 Qe7 18. Be4 Bb7 19. Qb5 Rac8 20. Rad1 Rfd8 21.
Qa4 Rxd2 22. Rxd2 Bf6 23. Bd5 Kg7 24. Qe4 Rc7 25. Re2 Nd8 26. Rd2 Nc6 27. Re2
Nd8 28. Rd2 Nc6 1/2-1/2

[Event "Buenos Aires Sicilian"]
[Site "Buenos Aires"]
[Date "1994.10.19"]
[Round "6"]
[White "Kamsky, Gata"]
[Black "Ivanchuk, Vassily"]
[Result "1/2-1/2"]
[WhiteElo "2695"]
[BlackElo "2695"]
[PlyCount "112"]
[EventDate "1994.10.12"]
[EventType "tourn"]
[EventRounds "14"]
[EventCountry "ARG"]
[EventCategory "18"]
[SourceTitle "CBM 044"]
[Source "ChessBase"]
[SourceDate "1995.02.01"]
[SourceVersion "1"]
[SourceVersionDate "1995.02.01"]
[SourceQuality "1"]

1. e4 c5 2. Nf3 Nc6 3. d4 cxd4 4. Nxd4 g6 5. Nc3 Bg7 6. Be3 Nf6 7. Bc4 O-O 8.
Bb3 d6 9. f3 Bd7 10. Qd2 Rc8 11. O-O-O Ne5 12. h4 h5 13. Bg5 Rc5 14. f4 Neg4
15. Rhe1 Qa5 16. f5 gxf5 17. Nxf5 Bxf5 18. exf5 Re8 19. Nd5 Qxd2+ 20. Rxd2 Kf8
21. a4 b6 22. Kb1 Nxd5 23. Rxd5 Bf6 24. Rxc5 bxc5 25. c3 Rb8 26. Kc2 Kg7 27.
Bd5 Ne5 28. Re4 a5 29. b4 cxb4 30. cxb4 axb4 31. Kb3 e6 32. fxe6 fxe6 33. Rxe5
Bxe5 34. Bxe6 Bc3 35. Bd5 Re8 36. Bb7 Re1 37. a5 Ra1 38. a6 d5 39. Be7 Rb1+ 40.
Ka4 b3 41. Ba3 b2 42. Kb3 Bf6 43. a7 Ra1 44. Bxb2 Rxa7 45. Bxd5 Ra6 46. Bxf6+
Rxf6 47. Bf3 Kh6 48. Kc3 Rf4 49. Kd3 Rxh4 50. Ke3 Ra4 51. Kf2 Kg5 52. Kg1 Rb4
53. Be2 Rh4 54. g3 Ra4 55. Kf2 Ra2 56. Kf3 Rb2 1/2-1/2

[Event "Buenos Aires Sicilian"]
[Site "Buenos Aires"]
[Date "1994.10.22"]
[Round "8"]
[White "Kamsky, Gata"]
[Black "Karpov, Anatoly"]
[Result "1/2-1/2"]
[WhiteElo "2695"]
[BlackElo "2780"]
[Annotator "Ribli,Z"]
[PlyCount "89"]
[EventDate "1994.10.12"]
[EventType "tourn"]
[EventRounds "14"]
[EventCountry "ARG"]
[EventCategory "18"]
[SourceTitle "CBM 044"]
[Source "ChessBase"]
[SourceDate "1995.02.01"]
[SourceVersion "1"]
[SourceVersionDate "1995.02.01"]
[SourceQuality "1"]

1. e4 c5 2. Nf3 e6 3. d4 cxd4 4. Nxd4 Nc6 5. Nc3 Qc7 6. Be2 a6 7. O-O Nf6 8.
Be3 Bb4 9. Na4 Be7 10. c4 Nxe4 (10... O-O 11. Nxc6 $5 (11. Nc3 $5) 11... dxc6 (
11... bxc6 12. Bf3 $5 d6 13. c5 d5 14. Nb6 Rb8 15. Qa4 $14 {Hazai,L-Fogarasi,T/
Budapest/1992/INF58,(222)/}) 12. Qc2 c5 13. f4 b6 14. Rad1 Bb7 15. e5 Nd7 16.
Nc3 Rfd8 17. Ne4 Nf8 18. Bf3 $14 {Larsen,B-Karpov,An/Las Palmas/1977/INF23,
(368)/}) 11. c5 Nf6 (11... Nxc5 12. Nxc6 (12. Nxc5 Bxc5 13. Nxe6 dxe6 14. Bxc5
$44) 12... Qxc6 (12... Nxa4 13. Nxe7 Nxb2 14. Qd4 $18) 13. Nxc5 Bxc5 14. Rc1 b6
15. b4 Bb7 16. Bf3 $18) 12. Bf3 O-O 13. Rc1 $44 Rb8 $5 (13... Rd8 14. Qb3 Ne5
15. Bf4 Nxf3+ 16. Qxf3 e5 17. Nf5 Re8 18. Nb6 Rb8 19. Qg3 $18 {Varavin,V-Tunik,
G/Kstovo op/1994/EXP42/}) 14. g3 (14. Qb3 d5 15. cxd6 Bxd6 $13) 14... g6 $1 15.
Nb6 Rd8 16. Qa4 e5 17. Nb3 (17. Nxc6 $2 dxc6 18. Rfd1 Be6 $17) 17... d5 18.
cxd6 Rxd6 19. Na5 Bd7 (19... Be6 $2 20. Bxc6 bxc6 21. Nxc6 $16) 20. Nxd7 Qxd7
21. Bxc6 (21. Nxb7 $2 Nd4 $1 22. Qxd7 Nxf3+ 23. Kg2 Rxd7 24. Nc5 Bxc5 25. Rxc5
Nd2 26. Rd1 Nde4 $19) (21. Nxc6 bxc6 22. Bxc6 Qe6 $13) 21... bxc6 22. Bc5 (22.
Nxc6 Bf8 23. b3 Re8 $13) 22... Re6 (22... Rd5 23. Bxe7 Qxe7 24. Nxc6 Qd7 25.
Qxa6 Rxb2 26. Qa3 Rb7 27. Qa8+ Kg7 28. Nb8 Qe7 29. Nc6 Qd7 30. Nb8 $10) 23.
Rfd1 Qe8 24. Bxe7 Qxe7 25. Nxc6 Qe8 26. Qxa6 (26. Qa3 Ra8 $1 $10 (26... Rc8 $2
27. Ne7+ $18)) 26... Kg7 $1 27. Nxb8 (27. Rc2 e4 $44) 27... Rxa6 28. Nxa6 Qb5
$1 29. Nc5 Qxb2 30. a4 Qa3 31. Rc2 h5 32. Re1 h4 33. Kg2 h3+ 34. Kxh3 Qf3 35.
Rxe5 (35. Re3 Qd1 36. Rce2 Qf1+ 37. Kh4 g5+ $1 38. Kxg5 Qh3 $19) 35... Nh5 36.
Re4 g5 37. Rd2 Nf4+ 38. Rxf4 gxf4 39. Nd3 Qh5+ 40. Kg2 f3+ 41. Kg1 Qd5 42. Kf1
Qd4 43. Ke1 Qa1+ 44. Rd1 Qc3+ 45. Rd2 1/2-1/2